LEADER 00783naa a2200145 i 4500 001 000000300457 003 CaOOAMICUS 005 20180831172703.0 008 180831n xx u000 u und u 013 $a8137 040 $aSeMil$bita 100 1 $aDavanzo, Guido.$0(OLS)http://semarc/name/19623 245 10$aPrassi rituale e pastorale del morire cristiano :$bosservazioni da i di Liturgia, Costabissara (Vicenza): 18-22 agosto 1987. Roma :. 773 0 $tEscatologia e liturgia.$dRoma : CLV Edizioni Liturgiche, 1988.$kBibliotheca Ephemerides Liturgicae. Subsidia$kStudi di liturgia. Nuova serie$z88-85918-38-7$w()34693 996 $6245$aPrassi rituale e pastorale del morire cristiano :$bosservazioni da i di Liturgia, Costabissara (Vicenza): 18-22 agosto 1987. Roma :$9(OLS)http://semarc/title/376465 LEADER 00919nam a2200241 i 4500 001 000000249196 003 CaOOAMICUS 005 20220520095442.0 008 160502s1962 it u000 u ita u 013 $a228101 040 $aSeMil$bita 100 1 $aDostoevskij, Fëdor Michajlovi?,$d<1821-1881>.$0(OLS)http://semarc/name/1325 240 10$aPodrostok.$0(OLS)http://semarc/title/440070 245 12$aL'adolescente /$ca cura di Eridano Bazzarelli. 250 $a5. edizione. 300 $aXX, 785 p. ;$c21 cm 700 1 $aBazzarelli, Eridano,$d<1921-2013>.$0(OLS)http://semarc/name/8821 773 0 $tGrandi romanzi.$dMilano : Ugo Mursia, 1962-1963.$g5$w()33154 850 $aSeMil 852 $aSeMil$W1$xVenegono$y1$m1V III 343$j257878$B199542$CSeMilBibl$Z2$F210993 $81 961 $aOmaggio: Sacchi don Luigi 996 $6245$aL'adolescente$9(OLS)http://semarc/title/55190